| 000 | 00703nam a2200217Ia 4500 | ||
|---|---|---|---|
| 005 | 20250508164025.0 | ||
| 008 | 008 250505s9999 xx 000 0 eng d | ||
| 020 | _a019564449-2 | ||
| 037 | _aReference | ||
| 040 |
_aFEDL _beng _cFEDL |
||
| 041 |
_aeng _2eng |
||
| 084 |
_a954, IND/RR _qFEDL |
||
| 100 |
_aChatterji Basudev Ed. _9777098 |
||
| 245 | 0 | _aTowards freedom : Documents on the movement for independence in India 1938 ( 3 Parts) | |
| 260 |
_aNew Delhi, India _bOxford University Press _c1999 |
||
| 490 | _vPart 1 | ||
| 546 | _aIndian Council for Historical Research | ||
| 700 |
_a Gopal Sarvepalli Ed. _9777099 |
||
| 942 |
_cREF _h954, IND/RR |
||
| 999 |
_c1386633 _d1386633 |
||